|
|
|
|
| LEADER |
00000nam0a2200000 4500 |
| 001 |
86431 |
| 005 |
20231031101554.0 |
| 010 |
|
|
|a 5829105667
|b 3000 экз.
|
| 010 |
|
|
|a 5-88687-168-3
|
| 021 |
|
|
|a RU
|b 05-40021
|9 05-1992
|
| 035 |
|
|
|a (RuTPU)RU\TPU\book\92826
|
| 090 |
|
|
|a 86431
|
| 100 |
|
|
|a 20051128d2005 m y0rusy5002 ca
|
| 101 |
0 |
|
|a rus
|
| 102 |
|
|
|a RU
|
| 105 |
|
|
|a y j 001zy
|
| 200 |
1 |
|
|a Психология профессиональных деструкций
|e учебное пособие
|f Э. Ф. Зеер, Э. Э. Сыманюк
|g Российский государственный профессионально-педагогический университет; Уральское отделение Российской академии образования
|
| 210 |
|
|
|a Москва
|c Академический Проект
|a Екатеринбург
|c Деловая книга
|d 2005
|
| 215 |
|
|
|a 239 с.
|d 21 см.
|
| 225 |
1 |
|
|a Gaudeamus
|
| 225 |
1 |
|
|a Учебное пособие для высшей школы
|
| 320 |
|
|
|a Библиогр.: с. 236-238
|
| 610 |
1 |
|
|a психология
|
| 610 |
1 |
|
|a труд
|
| 610 |
1 |
|
|a профессия
|
| 610 |
1 |
|
|a профессиональные деструкции
|
| 610 |
1 |
|
|a личность
|
| 610 |
1 |
|
|a профессиональное развитие
|
| 610 |
1 |
|
|a тренинги
|
| 610 |
1 |
|
|a коррекция
|
| 610 |
1 |
|
|a кризисы
|
| 610 |
1 |
|
|a учебные пособия
|
| 686 |
|
|
|a Ю941.1я73
|v LBC/SL-A
|2 rubbk
|
| 700 |
|
1 |
|a Зеер
|b Э. Ф.
|g Эвальд Фридрихович
|
| 701 |
|
1 |
|a Сыманюк
|b Э. Э.
|g Эльвира Эвальдовна
|4 070
|
| 712 |
0 |
2 |
|a Российский государственный профессионально-педагогический университет
|2 stltpush
|3 (RuTPU)RU\TPU\col\7805
|
| 712 |
0 |
2 |
|a Российская академия образования (РАО)
|b Уральское отделение (УрО)
|c (Екатеринбург)
|2 stltpush
|3 (RuTPU)RU\TPU\col\7806
|
| 801 |
|
0 |
|a RU
|b RKP
|c 20050725
|g PSBO
|
| 801 |
|
1 |
|a RU
|b 63413507
|c 20051128
|g PSBO
|
| 801 |
|
2 |
|a RU
|b 63413507
|c 20120403
|g PSBO
|
| 900 |
|
|
|a Профессиональные деформации
|
| 942 |
|
|
|c BK
|